| 000 | 00751nam a2200217 a 4500 | ||
|---|---|---|---|
| 005 | 20251023063915.0 | ||
| 008 | 021007s1995 es r 000 0 spa d | ||
| 020 | _a8433106759 | ||
| 035 | _aUPN01000119931 | ||
| 049 | _aCG | ||
| 050 | 4 |
_aLB2805 _bG3.64 |
|
| 100 | 1 | _aGarrido Anadón, Pedro | |
| 245 | 1 | 0 |
_aPlanificación de las actividades directivas de los centros docentes / _cPedro Garrido, Mariano Jabonero, Domingo Rivera. |
| 260 |
_aMadrid : _bEscuela Española, _c[1995]. |
||
| 300 |
_a303 p. : _bcuadros |
||
| 650 | 4 |
_aEscuelas _xDirección y organización _9346 |
|
| 650 | 4 |
_aAdministración educativa _9498 |
|
| 700 | 1 |
_aJabonero Blanco, Mariano, _d1953- _ecoaut. _932382 |
|
| 700 | 1 |
_aRivera Canovellas, Domingo, _ecoaut. |
|
| 905 | _aLibro | ||
| 999 |
_c92281 _d92281 |
||